000
00200 a2200097 4500
020
_a
9780765280305
041
_a
spa
100
_a
Cuesta m. Vivian
245
_a
la gran carrera de tortuga
942
_c
BK
999
_c
10814
_d
10814